000 00337nam a22001217a 4500
008 230626b xxu||||| |||| 00| 0 eng d
082 _a331.67
_bPAR
100 _cAchola Pala, Thelma Awori and Abigail Krystall
245 _aThe Participation of Women in Kenya Society
260 _aNairobi
_bKLB
_c1975
300 _a235P
942 _2ddc
_cBK
999 _c2720
_d2720